000 00658nam a2200241Ia 4500
003 OSt
005 20221005101805.0
006 a|||||r|||| 00| 0
007 ta
008 221004b |||||||| |||| 00| 0 eng d
024 _a28203
037 _cTextual
040 _aCRL
_cCRL
_beng
041 _2eng
_aeng
082 _aD65,8(B):3, M3
100 _aChance David W
_9622617
245 0 _aTwenty five exciting computer games in basic for all ages
260 _aU.S.A.
_bTab Book USA
_c1983
300 _a275p
_ccm.
650 _aENGINEERING
942 _hD65,8(B):3, M3
_cTEXL
_2cc
999 _c1007388
_d1007388